000 00319 a2200121 4500
005 20250716091721.0
020 _a978-9987-9306-1-6
082 _a657.42 BIS
100 _aBISHAGAZI, Y. M
245 _aCost and Management Acoounting : A Basis for Informed Business Decisions
260 _aMwanza
_c2009.
942 _2ddc
_cBKS
999 _c6605
_d6605